Reversed Africa Map Quiz - Statistics

General Stats
  • This quiz has been taken 59 times
    55 since last reset
  • The average score is 48 of 54
Answers on the Map
Answers color-coded by a green-red scale on the quiz's map according to % correct below.
 
Answer Stats
Answer % Correct
aireglA
98%
aisinuT
98%
aybiL
95%
tpygE
95%
aibimaN
93%
ainatiruaM
93%
airegiN
93%
alognA
93%
dahC
93%
epicnírP dna
émoT oãS
93%
euqibmazoM
93%
ilaM
93%
lageneS
93%
aibmaG
91%
aibmaZ
91%
ainaznaT
91%
anahG
91%
edreV epaC
91%
naduS
91%
naduS htuoS
91%
occoroM
91%
acirfA htuoS
89%
adnagU
89%
adnawR
89%
aeniuG
lairotauqE
89%
aertirE
89%
ailamoS
89%
aipoihtE
89%
airebiL
89%
anawstoB
89%
ayneK
89%
initawsE
89%
ituobijD
89%
iwalaM
89%
aeniuG
86%
enoeL arreiS
86%
ewbabmiZ
86%
nineB
86%
nooremaC
86%
regiN
86%
tsaoC yrovI
86%
cilbupeR
nacirfA lartneC
84%
idnuruB
84%
nobaG
84%
ognoC eht
fo cilbupeR
citarcomeD
84%
osaF anikruB
84%
racsagadaM
84%
sellehcyeS
84%
ognoC eht
fo cilbupeR
82%
ogoT
82%
suitiruaM
82%
uassiB-aeniuG
82%
ohtoseL
80%
soromoC
80%
No matching quizzes found
Score Distribution
Percent of People with Each Score
Percentile by Number Answered
Your Score History
You have not taken this quiz since the last reset